Hacienda pública / (Record no. 59014)

MARC details
000 -LEADER
campo de control de longitud fija 00569nam a2200169 i 4500
001 - NÚMERO DE CONTROL
campo de control 59014
003 - IDENTIFICADOR DE NÚMERO DE CONTROL
campo de control ES-MaACL
005 - FECHA Y HORA DE LA ÚLTIMA TRANSACCIÓN
campo de control 20230906163937.0
007 - CAMPO FIJO DE DESCRIPCIÓN FÍSICA--INFORMACIÓN GENERAL
campo de control de longitud fija t|
008 - DATOS DE LONGITUD FIJA--INFORMACIÓN GENERAL
campo de control de longitud fija 031027s1929 sp ||||1| spa d
100 1# - ENTRADA PRINCIPAL--NOMBRE DE PERSONA
Nombre de persona Eheberg, Karl Theodor von.
9 (RLIN) 46778
245 10 - MENCIÓN DEL TÍTULO
Título Hacienda pública /
Mención de responsabilidad, etc. Carlos T. von Eheberg ; traducción de la diecinueve edición alemana por Enrique Rodríguez Mata.
260 ## - PUBLICACIÓN, DISTRIBUCIÓN, ETC.
Lugar de publicación, distribución, etc. Barcelona :
Nombre del editor, distribuidor, etc. Gustavo Gili,
Fecha de publicación, distribución, etc. 1929 (
Fabricante L. Cortina)
300 ## - DESCRIPCIÓN FÍSICA
Extensión 759 p. ;
Dimensiones 22 cm.
700 1# - ENTRADA AGREGADA--NOMBRE PERSONAL
Nombre de persona Rodríguez Mata, Enrique.
9 (RLIN) 98652
852 ## - LOCALIZACIÓN
Ubicación ES-MaACL
Número de control de estantería A-891
Sublocalización o colección R.10951
Holdings
Estatus retirado Estado de pérdida Estado de daño No para préstamo Biblioteca de origen Biblioteca actual Ubicación en estantería Fecha de adquisición Fuente de adquisición Total de préstamos Signatura topográfica completa Código de barras Visto por última vez Precio de reemplazo Tipo de ítem Koha
        Biblioteca del Ateneo de Madrid Biblioteca del Ateneo de Madrid Sala Pecera Planta 1 17/01/2008     A-891 1061905 23/02/2023 23/02/2023 Libro impreso